<?xml version="1.0" encoding="UTF-8"?>
<record
    xmlns:xsi="http://www.w3.org/2001/XMLSchema-instance"
    xsi:schemaLocation="http://www.loc.gov/MARC21/slim http://www.loc.gov/standards/marcxml/schema/MARC21slim.xsd"
    xmlns="http://www.loc.gov/MARC21/slim">

  <leader>02091njm a2200361Ia 4500</leader>
  <controlfield tag="001">23823</controlfield>
  <controlfield tag="003">IT-RoPAU</controlfield>
  <controlfield tag="005">20220918181157.0</controlfield>
  <controlfield tag="008">131025s9999    xx            000 0 und d</controlfield>
  <datafield tag="040" ind1=" " ind2=" ">
    <subfield code="a">IT-RoPAU</subfield>
  </datafield>
  <datafield tag="040" ind1=" " ind2=" ">
    <subfield code="c">IT-RoPAU</subfield>
  </datafield>
  <datafield tag="999" ind1=" " ind2=" ">
    <subfield code="c">102701</subfield>
    <subfield code="d">102701</subfield>
  </datafield>
  <datafield tag="999" ind1=" " ind2=" ">
    <subfield code="b">n.d.</subfield>
  </datafield>
  <datafield tag="100" ind1=" " ind2=" ">
    <subfield code="a">AA.VV</subfield>
    <subfield code="9">794</subfield>
  </datafield>
  <datafield tag="100" ind1=" " ind2=" ">
    <subfield code="e">Autore musica</subfield>
    <subfield code="9">6301</subfield>
  </datafield>
  <datafield tag="100" ind1=" " ind2=" ">
    <subfield code="g">Codice autore musica SPICS: 12000</subfield>
    <subfield code="9">796</subfield>
  </datafield>
  <datafield tag="245" ind1=" " ind2=" ">
    <subfield code="a">Saqueboute trombone e organo nell'Italia del sei e settecento (Lp Arn 416)</subfield>
  </datafield>
  <datafield tag="250" ind1=" " ind2=" ">
    <subfield code="a">1a ed.</subfield>
  </datafield>
  <datafield tag="260" ind1=" " ind2=" ">
    <subfield code="a">VARESE</subfield>
  </datafield>
  <datafield tag="260" ind1=" " ind2=" ">
    <subfield code="b">ARION - DUCALE</subfield>
    <subfield code="c">1975 [1a Ed.:1975]</subfield>
  </datafield>
  <datafield tag="300" ind1=" " ind2=" ">
    <subfield code="a">DISCO</subfield>
  </datafield>
  <datafield tag="300" ind1=" " ind2=" ">
    <subfield code="c">42 minuti (Testo:  pag.)</subfield>
  </datafield>
  <datafield tag="500" ind1=" " ind2=" ">
    <subfield code="a">Musica classica. Sei-settecento: saqueboute, trombone, organo</subfield>
  </datafield>
  <datafield tag="505" ind1=" " ind2=" ">
    <subfield code="a">Sonata in la minore: trombone tenore e basso (7:00) - Sonata in do maggiore op. XIII N.2: trombone contralto organo (6:00) - Sonata in re minore op.V N.8: trombone tenore e organo (8:00) - Tre canzoni: canzon per sonar in re/in sol/in do (13:00) - Quinto &amp; quarto concerto (5:00) - Concerto ecclesiastico per Saqueboute e organo di Mathieu (4:00)</subfield>
  </datafield>
  <datafield tag="511" ind1=" " ind2=" ">
    <subfield code="a">Jean Pierre Mathieu: trombne e saqueboute, Georges Devaliee: organo</subfield>
  </datafield>
  <datafield tag="650" ind1=" " ind2=" ">
    <subfield code="a">CLASSICA [DISCHI]</subfield>
    <subfield code="e">Codice MATERIA SPICS: 9950</subfield>
    <subfield code="9">1157</subfield>
  </datafield>
  <datafield tag="700" ind1=" " ind2=" ">
    <subfield code="a">Marcello Benedetto</subfield>
    <subfield code="d">Codice autore musica SPICS: 8256</subfield>
    <subfield code="e">Autore musica</subfield>
    <subfield code="p">Sonata in la minore: trombone tenore e basso</subfield>
    <subfield code="9">6302</subfield>
  </datafield>
  <datafield tag="700" ind1=" " ind2=" ">
    <subfield code="a">Vivaldi Antonio</subfield>
    <subfield code="d">Codice autore musica SPICS: 11195</subfield>
    <subfield code="e">Autore musica</subfield>
    <subfield code="p">Sonata in do maggiore op. XIII N.2: trombone contralto organo</subfield>
    <subfield code="9">6303</subfield>
  </datafield>
  <datafield tag="700" ind1=" " ind2=" ">
    <subfield code="a">Corelli Arcangelo</subfield>
    <subfield code="d">Codice autore musica SPICS: 7993</subfield>
    <subfield code="e">Autore musica</subfield>
    <subfield code="p">Sonata in re minore op.V N.8: trombone tenore e organo</subfield>
    <subfield code="9">6304</subfield>
  </datafield>
  <datafield tag="700" ind1=" " ind2=" ">
    <subfield code="a">Frescobaldi Girolamo</subfield>
    <subfield code="d">Codice autore musica SPICS: 12254</subfield>
    <subfield code="e">Autore musica</subfield>
    <subfield code="p">Tre canzoni: canzon per sonar in re/in sol/in do</subfield>
    <subfield code="9">6305</subfield>
  </datafield>
  <datafield tag="700" ind1=" " ind2=" ">
    <subfield code="a">Puliti Fra Gabriello</subfield>
    <subfield code="d">Codice autore musica SPICS: 13876</subfield>
    <subfield code="e">Autore musica</subfield>
    <subfield code="p">Quinto &amp; quarto concerto</subfield>
    <subfield code="9">6306</subfield>
  </datafield>
  <datafield tag="700" ind1=" " ind2=" ">
    <subfield code="a">Ala Da Monza Giovanni Battista</subfield>
    <subfield code="d">Codice autore musica SPICS: 13877</subfield>
    <subfield code="e">Autore musica</subfield>
    <subfield code="p">Concerto ecclesiastico per Saqueboute e organo di Mathieu</subfield>
    <subfield code="9">6307</subfield>
  </datafield>
  <datafield tag="942" ind1=" " ind2=" ">
    <subfield code="c">MD</subfield>
    <subfield code="2">ddc</subfield>
  </datafield>
  <datafield tag="952" ind1=" " ind2=" ">
    <subfield code="0">0</subfield>
    <subfield code="1">0</subfield>
    <subfield code="4">0</subfield>
    <subfield code="6">23823_000000000000000</subfield>
    <subfield code="7">1</subfield>
    <subfield code="a">SPICS</subfield>
    <subfield code="b">SPICS</subfield>
    <subfield code="d">2013-10-25</subfield>
    <subfield code="l">0</subfield>
    <subfield code="o">23823</subfield>
    <subfield code="r">2013-10-25 00:00:00</subfield>
    <subfield code="w">2013-10-25</subfield>
    <subfield code="y">MD</subfield>
    <subfield code="z">Progr. Ins.: 8600 / N.Vol.: n.d. / Copie: 1 - Copia rara: n.d. / date import: 01.01.2014 - By Epidotti, Trombetti, Vaglietti</subfield>
  </datafield>
</record>
